Investiční politika v procesu intenzifikace

Na minha lista:
Detalhes bibliográficos
Autor principal: Říha, Ladislav
Formato: Livro
Idioma:tcheco
Publicado em: Praha Práce 1985
Colecção:Knižnice a pomoc intenzifikaci národního hospodářství sv. 11
Tags: Adicionar Tag
Sem tags, seja o primeiro a adicionar uma tag!

MARC

LEADER 00000nam a2200000 4500
001 c110702
005 20050302095214.7
041 0 |a cze 
044 |a CZ 
245 1 0 |a Investiční politika v procesu intenzifikace  |c Ladislav Říha 
264 1 |a Praha  |b Práce  |c 1985 
300 |a 65 s. 
490 1 |a Knižnice a pomoc intenzifikaci národního hospodářství  |v sv. 11 
830 0 |a Knižnice a pomoc intenzifikaci národního hospodářství  |v sv. 11 
100 1 |a Říha, Ladislav